Well-being and equity: analytic challenges and social indicators /
Sparad:
| Huvudupphovsman: | |
|---|---|
| Materialtyp: | Text |
| Ämnen: | |
| Taggar: |
Lägg till en tagg
Inga taggar, Lägg till första taggen!
|
MARC
| LEADER | 00000 a a2200000 04500 | ||
|---|---|---|---|
| 001 | 17458 | ||
| 003 | |||
| 040 | |||
| 100 | |a Gerstenfeld, Pascual | ||
| 245 | |a Well-being and equity: |b analytic challenges and social indicators / |c Pascual Gerstenfeld | ||
| 650 | |a INDICADORES SOCIALES | ||
| 650 | |a CAMBIO SOCIAL | ||
| 650 | |a TEORIA | ||
| 650 | |a SOCIEDAD | ||
| 650 | |a METODOLOGIA | ||
| 650 | |a INDICADORES SOCIALES | ||
| 773 | |g número 23; páginas 25-49 | ||
| 999 | |c 24906 |d 24906 | ||
